[Event "Myriam Roy Suisse"]
[Site "Varennes CAN"]
[Date "2007.11.04"]
[Round "3"]
[White "Bolduc, Steve"]
[Black "Tessier, Olivier"]
[Result "1-0"]
[WhiteElo "2261"]
[BlackElo "2207"]
[PlyCount "53"]
[GameId "2160767910574513"]
[EventDate "2007.11.02"]
[EventType "swiss"]
[EventRounds "5"]
[EventCountry "CAN"]

1. Nf3 Nf6 2. c4 c5 3. Nc3 Nc6 4. e3 e5 5. a3 g6 6. d4 cxd4 7. exd4 e4 8. Ng5 h6 9. d5 hxg5 10. dxc6 bxc6 11. Bxg5 Be7 12. Qd4 Rh5 13. h4 c5 14. Qd2 Bb7 15. Be2 Rh7 16. O-O-O Bc6 17. Nd5 Nxd5 18. cxd5 Ba4 19. d6 Bf6 20. Qf4 Bxb2+ 21. Kxb2 Qb6+ 22. Kc1 f5 23. Qe5+ Kf8 24. Be7+ Ke8 25. Qf6 Rf7 26. Qh8+ Rf8 27. Qxf8# 1-0

[Event "Myriam Roy Suisse"]
[Site "Varennes CAN"]
[Date "2007.11.04"]
[Round "5"]
[White "Bolduc, Steve"]
[Black "Auger, Bertrand"]
[Result "1-0"]
[WhiteElo "2261"]
[BlackElo "2014"]
[PlyCount "61"]
[GameId "2160767910574517"]
[EventDate "2007.11.02"]
[EventType "swiss"]
[EventRounds "5"]
[EventCountry "CAN"]

1. d4 Nf6 2. c4 e6 3. Nc3 Bb4 4. g3 O-O 5. Bg2 d5 6. cxd5 Nxd5 7. Bd2 Nxc3 8. bxc3 Be7 9. Nf3 c5 10. O-O Nc6 11. Be3 Qc7 12. Rb1 Rd8 13. Qc1 Na5 14. Bf4 Bd6 15. Bxd6 Qxd6 16. Rb5 Qa6 17. Rxc5 Rb8 18. Qa3 b6 19. Rc7 Rd7 20. Rxd7 Bxd7 21. Qe7 Be8 22. Ne5 Qc8 23. Rc1 f6 24. Bh3 f5 25. Bg2 Nc6 26. Qd6 Nxe5 27. Qxe5 b5 28. d5 exd5 29. Bxd5+ Bf7 30. Rd1 Bxd5 31. Rxd5 1-0

[Event "Quebec-ch classe"]
[Site "Shawinigan CAN"]
[Date "2007.10.05"]
[Round "1"]
[White "Le Duin, Thierry"]
[Black "Bolduc, Steve"]
[Result "1/2-1/2"]
[WhiteElo "2060"]
[BlackElo "2207"]
[PlyCount "78"]
[GameId "2160767910579000"]
[EventDate "2007.10.05"]
[EventType "swiss"]
[EventRounds "5"]
[EventCountry "CAN"]

1. d4 d5 2. Nf3 Nf6 3. c3 Bf5 4. Qb3 Qc8 5. Bg5 Nbd7 6. Nbd2 c5 7. e3 c4 8. Qd1 h6 9. Bf4 e6 10. h3 b5 11. g4 Bh7 12. a3 Be7 13. Be2 Nb6 14. Qc1 Nfd7 15. Bd1 Qa6 16. O-O h5 17. Bc2 Bxc2 18. Qxc2 hxg4 19. hxg4 Nf6 20. g5 Nh5 21. Ne5 Nd7 22. Ndf3 Bd6 23. g6 Nxe5 24. dxe5 Nxf4 25. gxf7+ Kxf7 26. Ng5+ Kg8 27. exf4 Rf8 28. exd6 Qxd6 29. Qe2 Rh6 30. Qe5 Qxe5 31. fxe5 Rf4 32. f3 Rg6 33. a4 Rxg5+ 34. Kf2 Rh4 35. axb5 Rh2+ 36. Ke3 Rxb2 37. Rxa7 Rxb5 38. Kd4 Rg2 39. Re7 g5 1/2-1/2

[Event "Quebec-ch classe"]
[Site "Shawinigan CAN"]
[Date "2007.10.06"]
[Round "2"]
[White "Bolduc, Steve"]
[Black "Auger, Bertrand"]
[Result "1-0"]
[WhiteElo "2207"]
[BlackElo "2031"]
[PlyCount "73"]
[GameId "2160767910579001"]
[EventDate "2007.10.05"]
[EventType "swiss"]
[EventRounds "5"]
[EventCountry "CAN"]

1. d4 e6 2. c4 Nf6 3. Nc3 Bb4 4. g3 O-O 5. Bg2 d5 6. Qb3 c5 7. dxc5 Nc6 8. Bf4 Nd4 9. Qd1 dxc4 10. Bd6 Nb5 11. Bxf8 Qxf8 12. Kf1 Bd7 13. Bxb7 Rd8 14. Nf3 Qxc5 15. Ne4 Nxe4 16. Bxe4 Nd6 17. Bc2 Bc6 18. h4 Ba5 19. Qc1 Bb6 20. Rh2 e5 21. Qg5 f6 22. Qg4 e4 23. Ne1 Nf5 24. Qf4 Bb7 25. b4 Qc8 26. Bxe4 Bxe4 27. Qxe4 Re8 28. Qd5+ Kh8 29. Rc1 c3 30. Qd3 Re3 31. fxe3 Nxe3+ 32. Kf2 Ng4+ 33. Kg2 Ne3+ 34. Kh1 Ng4 35. Qxc3 Nf2+ 36. Rxf2 Qh3+ 37. Kg1 1-0

[Event "Quebec-ch classe"]
[Site "Shawinigan CAN"]
[Date "2007.10.06"]
[Round "3"]
[White "Bolduc, Steve"]
[Black "Jiang, Louie"]
[Result "1-0"]
[WhiteElo "2207"]
[BlackElo "2180"]
[PlyCount "41"]
[GameId "2160767910579002"]
[EventDate "2007.10.05"]
[EventType "swiss"]
[EventRounds "5"]
[EventCountry "CAN"]

1. d4 d5 2. Nf3 Nf6 3. c4 e6 4. g3 c6 5. Qc2 Nbd7 6. Bg2 Be7 7. O-O O-O 8. b3 b6 9. Bb2 Bb7 10. Nc3 Rc8 11. Rad1 Qc7 12. e4 dxe4 13. Nxe4 c5 14. d5 exd5 15. cxd5 Bxd5 16. Rxd5 Nxd5 17. Nfg5 h6 18. Nc3 N5f6 19. Nd5 Qd6 20. Bxf6 hxg5 21. Bxe7 1-0

[Event "Quebec-ch classe"]
[Site "Shawinigan CAN"]
[Date "2007.10.07"]
[Round "4"]
[White "Pepin, Christian"]
[Black "Bolduc, Steve"]
[Result "0-1"]
[WhiteElo "1917"]
[BlackElo "2207"]
[PlyCount "58"]
[GameId "2160767910579003"]
[EventDate "2007.10.05"]
[EventType "swiss"]
[EventRounds "5"]
[EventCountry "CAN"]

1. e4 c5 2. Nf3 d6 3. c3 Nf6 4. Qc2 Bg4 5. Be2 e6 6. d4 d5 7. Bg5 Be7 8. Bxf6 Bxf6 9. dxc5 O-O 10. O-O Bh5 11. Nbd2 Bg6 12. Bd3 Nc6 13. Rad1 a5 14. exd5 Qxd5 15. Nb3 Qh5 16. Bxg6 hxg6 17. a4 Rad8 18. Nfd4 Bxd4 19. cxd4 Rd5 20. Qc3 Rfd8 21. Rd3 e5 22. Rh3 Qe2 23. Qg3 Nxd4 24. Qh4 f6 25. Qh7+ Kf7 26. Rg3 Nf5 27. Qxg6+ Kf8 28. Nc1 Nxg3 29. hxg3 Qxb2 0-1

[Event "Quebec-ch classe"]
[Site "Shawinigan CAN"]
[Date "2007.10.07"]
[Round "5"]
[White "Larochelle, Martial"]
[Black "Bolduc, Steve"]
[Result "0-1"]
[WhiteElo "2236"]
[BlackElo "2207"]
[PlyCount "62"]
[GameId "2160767910579004"]
[EventDate "2007.10.05"]
[EventType "swiss"]
[EventRounds "5"]
[EventCountry "CAN"]

1. Nf3 c5 2. c4 Nf6 3. Nc3 e6 4. g3 d5 5. cxd5 Nxd5 6. Bg2 Be7 7. O-O O-O 8. Nxd5 Qxd5 9. d4 Nc6 10. Be3 Qh5 11. dxc5 e5 12. Qb3 Rb8 13. Rfd1 Be6 14. Qc3 Bf6 15. Rd6 Ne7 16. Rad1 Nf5 17. R6d2 e4 18. Nd4 Nxe3 19. fxe3 Bf5 20. b4 Bg6 21. a3 Qg4 22. Qb3 h5 23. Rf1 Be5 24. Nb5 h4 25. Rd5 Rbe8 26. Nd6 h3 27. Rxe5 Rxe5 28. Rf4 Qxe2 29. Bf1 Qe1 30. g4 Rg5 31. Kh1 Rxg4 0-1

[Event "Outaouais op A"]
[Site "Gatineau CAN"]
[Date "2007.09.22"]
[Round "1"]
[White "Bolduc, Steve"]
[Black "Xiong, Jerry"]
[Result "1/2-1/2"]
[WhiteElo "2275"]
[BlackElo "1942"]
[PlyCount "136"]
[GameId "2160767910579087"]
[EventDate "2007.09.22"]
[EventType "swiss"]
[EventRounds "5"]
[EventCountry "CAN"]
[SourceTitle "EXT 2022"]
[Source "ChessBase"]
[SourceDate "2021.10.06"]
[SourceVersion "1"]
[SourceVersionDate "2021.10.06"]
[SourceQuality "1"]

1. d4 d5 2. Nf3 e6 3. c4 Nf6 4. g3 c5 5. cxd5 exd5 6. Bg2 Nc6 7. O-O Bf5 8. Nc3 h6 9. Be3 c4 10. Ne5 Bb4 11. Qa4 Bxc3 12. bxc3 Bd7 13. Qa3 Qe7 14. Qb2 b6 15. f3 O-O 16. Bf4 Rfe8 17. Rae1 g5 18. Be3 Nxe5 19. dxe5 Qxe5 20. Bd4 Qd6 21. e4 Nh5 22. exd5 Rac8 23. f4 gxf4 24. Qf2 Rxe1 25. Rxe1 fxg3 26. hxg3 Qxg3 27. Re7 Qxf2+ 28. Kxf2 Rd8 29. Be5 Bf5 30. Bf3 Ng7 31. Rxa7 Ne8 32. Ke3 b5 33. Rb7 Bd7 34. Kd4 Bc6 35. Rb6 Bd7 36. Rxh6 Ng7 37. Kc5 Ra8 38. Rh2 Re8 39. Bf6 Re3 40. Bd1 Bf5 41. Kxb5 Rd3 42. Bc2 Rxd5+ 43. Kxc4 Be6 44. Kb4 Bf5 45. Bb3 Rd6 46. Be5 Rg6 47. c4 Kf8 48. c5 f6 49. Bd6+ Ke8 50. Re2+ Kd8 51. Ka5 Bd3 52. Re3 Bf1 53. Bf7 Rg2 54. Be7+ Kc7 55. Bxf6 Kc6 56. Be7 Nf5 57. Re6+ Kd7 58. c6+ Kc7 59. Bf6 Rxa2+ 60. Kb4 Rd2 61. Be5+ Nd6 62. Be8 Bh3 63. Rh6 Bf5 64. Rf6 Bg4 65. Rg6 Bf5 66. Rg7+ Kd8 67. Bd7 Be4 68. Kc5 Rd5+ 1/2-1/2

[Event "Outaouais op A"]
[Site "Gatineau CAN"]
[Date "2007.09.23"]
[Round "2"]
[White "Duplessis, Jean-Roch"]
[Black "Bolduc, Steve"]
[Result "1/2-1/2"]
[WhiteElo "1686"]
[BlackElo "2275"]
[PlyCount "78"]
[GameId "2160767910579091"]
[EventDate "2007.09.22"]
[EventType "swiss"]
[EventRounds "5"]
[EventCountry "CAN"]
[SourceTitle "EXT 2022"]
[Source "ChessBase"]
[SourceDate "2021.10.06"]
[SourceVersion "1"]
[SourceVersionDate "2021.10.06"]
[SourceQuality "1"]

1. e4 c5 2. Nf3 d6 3. Bb5+ Nd7 4. O-O Ngf6 5. Re1 a6 6. Bf1 e5 7. c3 b5 8. a4 Bb7 9. axb5 axb5 10. Rxa8 Qxa8 11. Bxb5 Bxe4 12. d3 Bf5 13. Bg5 Be7 14. d4 cxd4 15. cxd4 e4 16. Bxf6 Bxf6 17. Nc3 Kd8 18. Bxd7 Kxd7 19. Ne5+ Ke7 20. Nc4 Rb8 21. Qf3 Be6 22. Nxe4 Bxd4 23. Nexd6 Qxf3 24. gxf3 g6 25. f4 Kf6 26. Ne4+ Kg7 27. Ned6 Rb4 28. Ne3 Rxb2 29. f5 Bb3 30. fxg6 Bxe3 31. Nf5+ Kxg6 32. Nxe3 f5 33. f4 Kf6 34. Ra1 Re2 35. Ra6+ Be6 36. Nd5+ Kf7 37. Ra7+ Kg6 38. Re7 h6 39. Nc3 Re3 1/2-1/2

[Event "Outaouais op A"]
[Site "Gatineau CAN"]
[Date "2007.09.23"]
[Round "3"]
[White "Bolduc, Steve"]
[Black "Roy, Myriam"]
[Result "1/2-1/2"]
[WhiteElo "2275"]
[BlackElo "1847"]
[PlyCount "63"]
[GameId "2160767910579093"]
[EventDate "2007.09.22"]
[EventType "swiss"]
[EventRounds "5"]
[EventCountry "CAN"]
[SourceTitle "EXT 2022"]
[Source "ChessBase"]
[SourceDate "2021.10.06"]
[SourceVersion "1"]
[SourceVersionDate "2021.10.06"]
[SourceQuality "1"]

1. d4 d5 2. Nf3 Nf6 3. c4 c6 4. e3 Bf5 5. Nbd2 Nbd7 6. Be2 e6 7. O-O Bd6 8. b3 O-O 9. Bb2 Rc8 10. Nh4 Bg6 11. c5 Bb8 12. Nxg6 hxg6 13. f4 Ne4 14. Nxe4 dxe4 15. Qc2 f5 16. Bc4 Qe7 17. g4 Nf6 18. g5 Nd5 19. Qf2 Kf7 20. Kg2 Rh8 21. Rh1 Rh5 22. h4 Rch8 23. Rh3 Qc7 24. Rah1 Qd8 25. Be2 R5h7 26. h5 gxh5 27. g6+ Kxg6 28. Qg3+ Kf7 29. Bxh5+ Kf8 30. b4 Qf6 31. a3 Rh6 32. Bc1 1/2-1/2

[Event "Outaouais op A"]
[Site "Gatineau CAN"]
[Date "2007.09.24"]
[Round "4"]
[White "Bolduc, Steve"]
[Black "Szalay, Karoly"]
[Result "0-1"]
[WhiteElo "2275"]
[BlackElo "1985"]
[PlyCount "30"]
[GameId "2160767910579096"]
[EventDate "2007.09.22"]
[EventType "swiss"]
[EventRounds "5"]
[EventCountry "CAN"]
[SourceTitle "EXT 2022"]
[Source "ChessBase"]
[SourceDate "2021.10.06"]
[SourceVersion "1"]
[SourceVersionDate "2021.10.06"]
[SourceQuality "1"]

1. d4 d5 2. Nf3 c6 3. c4 e6 4. g3 Nf6 5. Bg2 Nbd7 6. Qc2 Bd6 7. Bf4 Ne4 8. Bxd6 Nxd6 9. Nbd2 Qf6 10. O-O dxc4 11. e4 e5 12. Nxc4 Nxc4 13. Qxc4 O-O 14. Rfe1 Nb6 15. dxe5 Qxf3 0-1

[Event "Outaouais op A"]
[Site "Gatineau CAN"]
[Date "2007.09.24"]
[Round "5"]
[White "Maisonneuve, Paul"]
[Black "Bolduc, Steve"]
[Result "0-1"]
[WhiteElo "1408"]
[BlackElo "2275"]
[PlyCount "52"]
[GameId "2160767910579097"]
[EventDate "2007.09.22"]
[EventType "swiss"]
[EventRounds "5"]
[EventCountry "CAN"]
[SourceTitle "EXT 2022"]
[Source "ChessBase"]
[SourceDate "2021.10.06"]
[SourceVersion "1"]
[SourceVersionDate "2021.10.06"]
[SourceQuality "1"]

1. d4 Nf6 2. Nf3 e6 3. Bf4 c5 4. e3 b6 5. Bd3 Bb7 6. Nbd2 Be7 7. h3 O-O 8. O-O Nd5 9. c3 Nxf4 10. exf4 Qc7 11. f5 Qf4 12. Qc2 g6 13. fxe6 dxe6 14. Be4 Nc6 15. Rfe1 cxd4 16. Bxc6 Bxc6 17. Nxd4 Bd5 18. N4f3 Rac8 19. Rad1 Rfd8 20. Nf1 Bxf3 21. gxf3 Qxf3 22. Rxd8+ Rxd8 23. Re3 Qd5 24. Qa4 Bc5 25. Re2 h5 26. Rd2 Qg5+ 0-1

[Event "Myriam Roy II"]
[Site "Montreal CAN"]
[Date "2007.08.24"]
[Round "2"]
[White "Bolduc, Steve"]
[Black "Arsenault, Nicolas"]
[Result "1-0"]
[WhiteElo "2262"]
[BlackElo "2191"]
[PlyCount "119"]
[GameId "2160767910579790"]
[EventDate "2007.08.23"]
[EventType "tourn"]
[EventRounds "7"]
[EventCountry "CAN"]
[SourceTitle "EXT 2022"]
[Source "ChessBase"]
[SourceDate "2021.10.06"]
[SourceVersion "1"]
[SourceVersionDate "2021.10.06"]
[SourceQuality "1"]

1. d4 Nf6 2. Nf3 e6 3. c4 Bb4+ 4. Nc3 b6 5. Bg5 h6 6. Bh4 g5 7. Bg3 Ne4 8. Qc2 Bb7 9. Nd2 Nxg3 10. hxg3 Nc6 11. e3 Qe7 12. a3 Bxc3 13. Qxc3 O-O-O 14. b4 f5 15. O-O-O Kb8 16. Kb2 Qg7 17. Rc1 Rc8 18. Be2 e5 19. d5 Ne7 20. f3 d6 21. e4 c6 22. Qd3 cxd5 23. cxd5 Nxd5 24. Kb1 Nc7 25. exf5 d5 26. Qb3 h5 27. g4 hxg4 28. fxg4 e4 29. Qb2 Qxb2+ 30. Kxb2 d4 31. Bc4 b5 32. Bf7 Rcd8 33. Rxh8 Rxh8 34. Nb3 d3 35. Kc3 Rh4 36. Nc5 Rxg4 37. Nxb7 Kxb7 38. Kd4 Rxg2 39. Kxe4 Rc2 40. Rd1 d2 41. Kd3 Rc6 42. Rxd2 Rd6+ 43. Ke3 Rxd2 44. Kxd2 Kc6 45. Ke3 Kd6 46. Kd4 Ke7 47. Bh5 Kd6 48. f6 Ke6 49. f7 Ke7 50. Kc5 Ne6+ 51. Kxb5 Nf4 52. Bf3 Kxf7 53. Ka6 Ke7 54. Kxa7 Ne6 55. a4 Kd6 56. b5 Nc5 57. b6 Nd7 58. a5 Kc5 59. b7 Kb5 60. Bg4 1-0

[Event "Myriam Roy II"]
[Site "Montreal CAN"]
[Date "2007.08.25"]
[Round "3"]
[White "Le Duin, Thierry"]
[Black "Bolduc, Steve"]
[Result "1/2-1/2"]
[WhiteElo "2082"]
[BlackElo "2262"]
[PlyCount "109"]
[GameId "2160767910579796"]
[EventDate "2007.08.23"]
[EventType "tourn"]
[EventRounds "7"]
[EventCountry "CAN"]
[SourceTitle "EXT 2022"]
[Source "ChessBase"]
[SourceDate "2021.10.06"]
[SourceVersion "1"]
[SourceVersionDate "2021.10.06"]
[SourceQuality "1"]

1. d4 Nf6 2. Nf3 e6 3. Bg5 c5 4. e3 b6 5. c3 Bb7 6. Bd3 Be7 7. Nbd2 d6 8. O-O Nbd7 9. Re1 O-O 10. Rc1 a6 11. Bb1 b5 12. a3 Re8 13. Qc2 g6 14. h3 Rc8 15. Qd3 Qc7 16. Qf1 e5 17. e4 Bf8 18. d5 c4 19. Qe2 Nh5 20. Qe3 f6 21. g4 Ng7 22. Bh6 Nc5 23. Bc2 Re7 24. Kh2 Ne8 25. Rg1 Bxh6 26. Qxh6 Rg7 27. Qe3 Qf7 28. Nh4 Nc7 29. Nf1 Rd8 30. Ng3 Bxd5 31. Nh5 Be6 32. Nxg7 Kxg7 33. Nf5+ gxf5 34. gxf5+ Kh8 35. fxe6 N7xe6 36. Rcd1 Qe7 37. Rg4 Nf4 38. Rdg1 Nce6 39. Bd1 h5 40. Rh4 Ng7 41. Bg4 f5 42. Rxh5+ Ngxh5 43. Bxh5 Qh4 44. Be2 fxe4 45. Rg4 Qh7 46. Bf1 Rg8 47. Rxg8+ Kxg8 48. Qb6 Qh4 49. Qb8+ Kf7 50. Qc7+ Qe7 51. Qc6 Qa7 52. Bg2 d5 53. Qd6 Qe7 54. Qxa6 Qf6 55. Qxb5 1/2-1/2

[Event "Myriam Roy II"]
[Site "Montreal CAN"]
[Date "2007.08.25"]
[Round "4"]
[White "Bolduc, Steve"]
[Black "Libersan, Thierry"]
[Result "1/2-1/2"]
[WhiteElo "2262"]
[BlackElo "2027"]
[PlyCount "26"]
[GameId "2160767910579798"]
[EventDate "2007.08.23"]
[EventType "tourn"]
[EventRounds "7"]
[EventCountry "CAN"]
[SourceTitle "EXT 2022"]
[Source "ChessBase"]
[SourceDate "2021.10.06"]
[SourceVersion "1"]
[SourceVersionDate "2021.10.06"]
[SourceQuality "1"]

1. d4 Nf6 2. Nf3 g6 3. c4 Bg7 4. Nc3 O-O 5. e4 d6 6. Be2 e5 7. O-O Nc6 8. d5 Ne7 9. b4 Nh5 10. Re1 Nf4 11. Bxf4 exf4 12. Rc1 h6 13. Nd4 g5 1/2-1/2

[Event "Myriam Roy II"]
[Site "Montreal CAN"]
[Date "2007.08.26"]
[Round "5"]
[White "Roy, Myriam"]
[Black "Bolduc, Steve"]
[Result "1/2-1/2"]
[WhiteElo "1925"]
[BlackElo "2262"]
[PlyCount "97"]
[GameId "2160767910579805"]
[EventDate "2007.08.23"]
[EventType "tourn"]
[EventRounds "7"]
[EventCountry "CAN"]
[SourceTitle "EXT 2022"]
[Source "ChessBase"]
[SourceDate "2021.10.06"]
[SourceVersion "1"]
[SourceVersionDate "2021.10.06"]
[SourceQuality "1"]

1. e4 c6 2. d4 d5 3. exd5 cxd5 4. Bd3 Nc6 5. c3 g6 6. Bg5 Bg7 7. Nf3 Qb6 8. Qb3 Qxb3 9. axb3 f6 10. Be3 Nh6 11. Bb5 Bd7 12. O-O Nf5 13. Bf4 g5 14. Bg3 h5 15. Bc7 Ncxd4 16. Bxd7+ Kxd7 17. Nxd4 Nxd4 18. cxd4 Kxc7 19. Nc3 e6 20. Rfe1 Kd7 21. Na4 b6 22. Nc3 f5 23. Red1 a6 24. Na4 Kc6 25. Rac1+ Kb7 26. Kf1 Rac8 27. Rc3 g4 28. Ke2 Rc6 29. Kd3 Rhc8 30. Re1 Bf8 31. Rxc6 Rxc6 32. Nc3 b5 33. Ne2 Bh6 34. Ng3 h4 35. Nh5 Kc7 36. g3 h3 37. Nf4 Bxf4 38. gxf4 b4 39. Re2 Kb6 40. Rc2 Rxc2 41. Kxc2 Kb5 42. Kb1 a5 43. Ka2 Kc6 44. Kb1 Kc7 45. Kc2 Kd7 46. Kc1 Kd6 47. Kc2 Ke7 48. Kd2 Ke8 49. Kc2 1/2-1/2

[Event "Myriam Roy II"]
[Site "Montreal CAN"]
[Date "2007.08.27"]
[Round "7"]
[White "Bolduc, Steve"]
[Black "Malveau, Cedric"]
[Result "1-0"]
[WhiteElo "2262"]
[BlackElo "2063"]
[PlyCount "60"]
[GameId "2160767910579810"]
[EventDate "2007.08.23"]
[EventType "tourn"]
[EventRounds "7"]
[EventCountry "CAN"]
[SourceTitle "EXT 2022"]
[Source "ChessBase"]
[SourceDate "2021.10.06"]
[SourceVersion "1"]
[SourceVersionDate "2021.10.06"]
[SourceQuality "1"]

1. d4 Nf6 2. Nf3 e6 3. c4 Bb4+ 4. Nc3 b6 5. e3 Ne4 6. Qc2 Bb7 7. Bd3 f5 8. O-O Bxc3 9. bxc3 O-O 10. Nd2 Nxd2 11. Bxd2 Qh4 12. f3 d6 13. c5 dxc5 14. Qb3 Bd5 15. c4 Bb7 16. dxc5 Nd7 17. Bb4 Rf6 18. c6 Bxc6 19. Be7 Nc5 20. Qc2 Qh6 21. Bxf6 Qxe3+ 22. Qf2 Qxf2+ 23. Rxf2 gxf6 24. Bc2 Kf7 25. Rd2 Rg8 26. Kf2 Ke7 27. Re1 Kf7 28. Rd4 a5 29. Red1 Ke7 30. Rh4 Kf7 1-0

[Event "Lanaudiere"]
[Site "Repentigny CAN"]
[Date "2007.08.18"]
[Round "2"]
[White "Bolduc, Steve"]
[Black "Paquin, Pierre"]
[Result "1-0"]
[WhiteElo "2243"]
[BlackElo "1665"]
[PlyCount "57"]
[GameId "2160767910579838"]
[EventDate "2007.08.17"]
[EventType "swiss"]
[EventRounds "5"]
[EventCountry "CAN"]
[SourceTitle "EXT 2022"]
[Source "ChessBase"]
[SourceDate "2021.10.06"]
[SourceVersion "1"]
[SourceVersionDate "2021.10.06"]
[SourceQuality "1"]

1. d4 Nf6 2. Nf3 d5 3. c4 c6 4. Nc3 Bg4 5. Ne5 Bf5 6. cxd5 cxd5 7. e3 e6 8. Qb3 b6 9. Bb5+ Nfd7 10. Bd2 Be7 11. Nxd5 O-O 12. Nxe7+ Qxe7 13. Bb4 Qg5 14. Nxd7 Qxg2 15. Rf1 Nxd7 16. Bxd7 Rfd8 17. Bb5 Rac8 18. Bc3 Bg4 19. Be2 Bxe2 20. Kxe2 Rd5 21. Rg1 Qh3 22. Raf1 Rf5 23. Ke1 Qf3 24. Qd1 Qe4 25. Rg4 Qb7 26. e4 Rf6 27. d5 Rg6 28. Rxg6 hxg6 29. Qd4 1-0

[Event "Lanaudiere"]
[Site "Repentigny CAN"]
[Date "2007.08.18"]
[Round "3"]
[White "Sauve, Richard"]
[Black "Bolduc, Steve"]
[Result "0-1"]
[WhiteElo "2023"]
[BlackElo "2243"]
[PlyCount "64"]
[GameId "2160767910579849"]
[EventDate "2007.08.17"]
[EventType "swiss"]
[EventRounds "5"]
[EventCountry "CAN"]
[SourceTitle "EXT 2022"]
[Source "ChessBase"]
[SourceDate "2021.10.06"]
[SourceVersion "1"]
[SourceVersionDate "2021.10.06"]
[SourceQuality "1"]

1. d4 Nf6 2. c4 e6 3. Nc3 Bb4 4. Qc2 O-O 5. Bg5 d6 6. a3 Bxc3+ 7. Qxc3 Nbd7 8. e3 b6 9. Bd3 Bb7 10. f3 c5 11. Ne2 Rc8 12. b4 h6 13. Bh4 cxd4 14. exd4 e5 15. Bf5 Rc7 16. Bxd7 Qxd7 17. dxe5 dxe5 18. Bxf6 gxf6 19. Kf2 Qe6 20. Rac1 Rfc8 21. Qe3 f5 22. c5 f4 23. Qc3 bxc5 24. bxc5 Qd5 25. Qa5 Rxc5 26. Qxa7 Rc2 27. Rxc2 Rxc2 28. Re1 Kg7 29. Qa4 Ra2 30. Qb4 Ba6 31. Qc3 Qd4+ 32. Qxd4 exd4 0-1

[Event "Lanaudiere"]
[Site "Repentigny CAN"]
[Date "2007.08.19"]
[Round "4"]
[White "Bolduc, Steve"]
[Black "Corriveau, Philippe"]
[Result "1-0"]
[WhiteElo "2243"]
[BlackElo "1977"]
[PlyCount "47"]
[GameId "2160767910579850"]
[EventDate "2007.08.17"]
[EventType "swiss"]
[EventRounds "5"]
[EventCountry "CAN"]
[SourceTitle "EXT 2022"]
[Source "ChessBase"]
[SourceDate "2021.10.06"]
[SourceVersion "1"]
[SourceVersionDate "2021.10.06"]
[SourceQuality "1"]

1. d4 Nf6 2. Nf3 g6 3. c4 Bg7 4. Nc3 O-O 5. e4 d6 6. Be2 e5 7. O-O Na6 8. Re1 exd4 9. Nxd4 Nc5 10. Bf1 Ne6 11. Nc2 Nh5 12. Be3 Qh4 13. g3 Qf6 14. Qd2 c6 15. Rad1 Rd8 16. Bg2 h6 17. f4 Kh7 18. Qf2 Qe7 19. Bxa7 Rxa7 20. Qxa7 Nhxf4 21. gxf4 Nxf4 22. Qf2 Be5 23. Ne2 Nxe2+ 24. Qxe2 1-0

[Event "Quebec op"]
[Site "Montreal CAN"]
[Date "2007.07.20"]
[Round "1"]
[White "Shomoev, Anton"]
[Black "Bolduc, Steve"]
[Result "1-0"]
[WhiteElo "2561"]
[BlackElo "2262"]
[PlyCount "47"]
[GameId "2160767910576150"]
[EventDate "2007.07.20"]
[EventType "swiss"]
[EventRounds "9"]
[EventCountry "CAN"]
[SourceTitle "CBM 119 Extra"]
[Source "ChessBase"]
[SourceDate "2007.09.04"]
[SourceVersion "1"]
[SourceVersionDate "2007.09.04"]
[SourceQuality "1"]

1. e4 c5 2. Nf3 d6 3. d4 cxd4 4. Nxd4 Nf6 5. Nc3 a6 6. Bg5 e6 7. f4 Be7 8. Qf3 h6 9. Bh4 g5 10. fxg5 Nfd7 11. Nxe6 fxe6 12. Qh5+ Kf8 13. Bb5 Ne5 14. Bg3 Rh7 15. Bxe5 dxe5 16. Rd1 Nd7 17. Rf1+ Kg8 18. g6 Rg7 19. Bc4 Qb6 20. Nd5 Qc5 21. Rf7 exd5 22. Bxd5 Qe3+ 23. Kf1 Rxf7+ 24. gxf7+ 1-0

[Event "Quebec op"]
[Site "Montreal CAN"]
[Date "2007.07.21"]
[Round "2"]
[White "Bolduc, Steve"]
[Black "Kenanu, Dariush"]
[Result "1-0"]
[WhiteElo "2262"]
[BlackElo "1941"]
[PlyCount "107"]
[GameId "2160767910576156"]
[EventDate "2007.07.20"]
[EventType "swiss"]
[EventRounds "9"]
[EventCountry "CAN"]

1. d4 Nf6 2. Nf3 g6 3. c4 Bg7 4. Nc3 O-O 5. e4 d6 6. Be2 Nc6 7. O-O e5 8. d5 Ne7 9. b4 Ne8 10. c5 a5 11. cxd6 Nxd6 12. b5 f5 13. Ba3 fxe4 14. Ng5 Nef5 15. Ngxe4 Qh4 16. Nxd6 cxd6 17. g3 Qe7 18. Ne4 Rd8 19. Rc1 Nd4 20. b6 Bf5 21. Rc7 Qf8 22. f3 Rab8 23. g4 Bc8 24. Qd3 Bh6 25. Kg2 Bf4 26. Rh1 Kh8 27. Bd1 Ra8 28. Ba4 Ra6 29. Nxd6 Rxd6 30. Bxd6 Qxd6 31. Rxc8+ Kg7 32. Rc7+ Kh6 33. h4 Rxb6 34. g5+ Bxg5 35. hxg5+ Kxg5 36. Qd2+ Kf6 37. Rhxh7 Qxd5 38. Rhf7+ Qxf7 39. Rxf7+ Kxf7 40. Qxa5 Rb2+ 41. Kh3 Kf6 42. Qd8+ Kf5 43. Bd7+ Kf4 44. Qf6+ Ke3 45. Qxe5+ Kd3 46. a4 Rd2 47. Bb5+ Kc2 48. Qe4+ Kc1 49. Qxb7 g5 50. Qe4 Rd1 51. a5 Kb2 52. a6 Rh1+ 53. Kg2 Rh4 54. Qxh4 1-0

[Event "Quebec op"]
[Site "Montreal CAN"]
[Date "2007.07.22"]
[Round "3"]
[White "Bolduc, Steve"]
[Black "Likavsky, Tomas"]
[Result "0-1"]
[WhiteElo "2262"]
[BlackElo "2494"]
[PlyCount "68"]
[GameId "2160767910576174"]
[EventDate "2007.07.20"]
[EventType "swiss"]
[EventRounds "9"]
[EventCountry "CAN"]
[SourceTitle "CBM 119 Extra"]
[Source "ChessBase"]
[SourceDate "2007.09.04"]
[SourceVersion "1"]
[SourceVersionDate "2007.09.04"]
[SourceQuality "1"]

1. d4 Nf6 2. Nf3 e6 3. c4 d5 4. g3 Bb4+ 5. Bd2 a5 6. Bg2 dxc4 7. Na3 Bxa3 8. bxa3 Nc6 9. e3 Rb8 10. Ne5 Nxe5 11. dxe5 Nd7 12. f4 b6 13. O-O Nc5 14. Rc1 Nd3 15. Rc2 Bb7 16. Bxb7 Rxb7 17. Qg4 O-O 18. Bc3 Qd5 19. e4 Qxe4 20. Re2 Qd5 21. f5 exf5 22. Rxf5 Qe6 23. Qf3 Rbb8 24. Rf6 gxf6 25. exf6 Qh3 26. Re4 Rbe8 27. Qe3 Nf4 28. Qxf4 Qh5 29. Re7 Rd8 30. Re5 Qd1+ 31. Kg2 Kh8 32. Kh3 Rg8 33. Qxc4 Rd3 34. Qxf7 Rdxg3+ 0-1